La evolución psicológica del niño
Salvato in:
| Autore principale: | |
|---|---|
| Natura: | Libro |
| Lingua: | spagnolo |
| Pubblicazione: |
Barcelona
Crítica
1984
|
| Edizione: | 5a. ed |
| Serie: | Colección Estudios y Ensayos, 11
|
| Soggetti: | |
| Tags: |
Aggiungi Tag
Nessun Tag, puoi essere il primo ad aggiungerne!!
|
MARC
| LEADER | 00000nam a2200000 a 4500 | ||
|---|---|---|---|
| 001 | UCK8652 | ||
| 003 | CL-VaPUC | ||
| 008 | 060324e19840000SP |||||||||||||||||spa|d | ||
| 020 | |a 847423008X | ||
| 082 | 0 | 4 | |a 155.413 |b WAL |2 21 |
| 100 | 0 | |a Wallon, Henri |e author |9 461997 | |
| 245 | 1 | 3 | |a La evolución psicológica del niño |
| 250 | |a 5a. ed | ||
| 300 | |a 176 p | ||
| 942 | |c BK | ||
| 945 | |d 20060324 00:00:00 |a jtorresc | ||
| 260 | |a Barcelona |b Crítica |c 1984 | ||
| 650 | 0 | |a Psicología evolutiva |9 271069 | |
| 650 | 0 | |a Desarrollo infantil |9 308064 | |
| 650 | 0 | |a Inteligencia |9 267038 | |
| 650 | 0 | |a Psicología del niño |9 307305 | |
| 583 | |a last modification |c 20130107 12:24:47 |k Rodrigo Vera | ||
| 490 | 0 | |a Colección Estudios y Ensayos, 11 | |
| 999 | |c 316124 |d 316122 | ||
| 952 | |0 0 |1 0 |4 0 |6 155_413000000000000_WAL_1984 |7 0 |8 A |9 390246 |a BIBEDU |b BIBEDU |d 2019-11-22 |i 4214374 |o 155.413 WAL 1984 |p 4214374 |r 2019-11-22 |w 2019-11-22 |y BK |k PSI | ||
| 952 | |0 0 |1 0 |4 0 |6 155_413000000000000_WAL_1984 |7 0 |8 A |9 390247 |a BIBEDU |b BIBEDU |d 2019-11-22 |i 3608344 |o 155.413 WAL 1984 |p 3608344 |r 2019-11-22 |w 2019-11-22 |y BK |k EPE | ||